Crack the fat loss code (Record no. 325586)

000 -LEADER
fixed length control field 00327 a2200133 4500
001 - CONTROL NUMBER
control field 90513
082 ## - DEWEY DECIMAL CLASSIFICATION NUMBER
Classification number 613.25 CHA
090 ## - LOCALLY ASSIGNED LC-TYPE CALL NUMBER (OCLC); LOCAL CALL NUMBER (RLIN)
-- 42847
-- 42847
100 ## - MAIN ENTRY--PERSONAL NAME
Personal name Chant Wendy
245 ## - TITLE STATEMENT
Title Crack the fat loss code
Statement of responsibility, etc. Wendy Chant
Medium English
260 ## - PUBLICATION, DISTRIBUTION, ETC.
Place of publication, distribution, etc. New York
Name of publisher, distributor, etc. McGraw Hill
Date of publication, distribution, etc. 2008
300 ## - PHYSICAL DESCRIPTION
Extent xx, 282p.
500 ## - GENERAL NOTE
General note General Books
942 ## - ADDED ENTRY ELEMENTS (KOHA)
Institution code [OBSOLETE] CAE NUST
Call number prefix 613.25 CHA
Holdings
Withdrawn status Lost status Damaged status Not for loan Collection code Permanent Location Current Location Date acquired Total Checkouts Full call number Barcode Date last seen Price effective from Koha item type
          College of Aeronautical Engineering (CAE) College of Aeronautical Engineering (CAE) 04/03/2017   613.25 CHA CAE86269 04/05/2017 04/05/2017 Book
© 2023 Central Library, National University of Sciences and Technology. All Rights Reserved.